| 000 | 00533cam a2200169 a 4500 | ||
|---|---|---|---|
| 008 | 021114n mx 000 0 spa u | ||
| 035 | _aa405480 | ||
| 050 | 0 | 0 |
_aF1545 .3 .A7 _bJ33 |
| 245 | 0 | 3 |
_aEl Jade aborigen de Costa Rica / _cMuseo Nacional de Costa Rica. |
| 260 |
_aCosta Rica : _bMuseo Nacional de Costa Rica |
||
| 300 |
_a4 p. ; _b14 X 21 cm. |
||
| 650 | 4 |
_aIndios de América Central _xAntiguedades |
|
| 650 | 4 | _aJade | |
| 651 | 4 |
_aCosta Rica _xAntiguedades |
|
| 710 | 1 | _aMuseo Nacional de Costa Rica | |
| 942 |
_2lcc _cLIB |
||
| 999 |
_c62586 _d62586 |
||